00309nam a2200121Ia 4500008004100000020001400041050001500055100001800070245002400088260003800112300002400150650001300174150202s9999 xx 000 0 und d a843945222 aFIC bFIC  aHess, Norah.  aLark /cNorah hess. aNew York :bLeisure Books,c1999. a398 pages :c18 cm. aFiction.